00737nam a2200181   450000500170000000800410001702000180005804100120007608200160008810000130010424500580011726000230017530000080019836500180020652003010022465000130052570000170053820260203120813.0260108b        |||||||| |||| 00| 0 eng d  a9781782217343  aEnglish  bDACa746.43  aDace Roz  aNeedle Felting for Beginners: How to Sculpt With Wool  bSearch Pressc2025  a128  b869.65cRs.00  a•	What is needle felting?
•	What you need
•	Basic techniques
•	The projects. Heart bunting
•	Polly Bunny
•	Small world pincushion
•	Moon gazing hare
•	Little robin
•	Amanda Panda
•	Roving rabbit
•	Forest mouse
•	Felt a face
•	Shabby sheep
•	Playful dog
•	Crafty fox
  aKnitting  aBalchin Judy